Changing the homebuying process - home information packs and home condition reports (Record no. 104675)
[ view plain ]
| 000 -LEADER | |
|---|---|
| fixed length control field | 02103cam a2200397 4500 |
| 001 - CONTROL NUMBER | |
| control field | E131193 |
| 008 - FIXED-LENGTH DATA ELEMENTS--GENERAL INFORMATION | |
| fixed length control field | #DATE n2005 000 0 eng u |
| 020 ## - INTERNATIONAL STANDARD BOOK NUMBER | |
| International Standard Book Number | 1904388388 |
| 035 ## - SYSTEM CONTROL NUMBER | |
| System control number | (Sirsi) u131193 |
| 041 ## - LANGUAGE CODE | |
| Language code of text/sound track or separate title | eng |
| 050 ## - LIBRARY OF CONGRESS CALL NUMBER | |
| Classification number | 333.33 |
| -- | 18 |
| 100 ## - MAIN ENTRY--PERSONAL NAME | |
| Personal name | Legrand, Christopher |
| 245 ## - TITLE STATEMENT | |
| Title | Changing the homebuying process - home information packs and home condition reports |
| Remainder of title | a CPD study pack |
| 260 ## - PUBLICATION, DISTRIBUTION, ETC. | |
| Place of publication, distribution, etc. | Reading |
| Name of publisher, distributor, etc. | College of Estate Management |
| Date of publication, distribution, etc. | 2005 |
| 350 ## - PRICE (NR) (BK AM CF MU VM SE) [OBSOLETE] | |
| Price | 36.00 |
| 490 ## - SERIES STATEMENT | |
| Series statement | College of Estate Management CPD Study Pack |
| 520 ## - SUMMARY, ETC. | |
| Summary, etc. | The Housing Act 2004 became law on the 18th November. It introduces the most significant changes in the home buying process in the UK since the Law Property Act 1925. This study paper deals mainly with the Home Condition Report which forms part of the planned Home Information Pack. The paper deals with all the standards required to be a Home Inspector, requirements for energy efficiency, electronic reporting and inspection standards as well as the planned programme for the introduction of Home Condition Reports. [CEM]. |
| 520 ## - SUMMARY, ETC. | |
| Summary, etc. | No audio material accompanies this item. |
| 520 ## - SUMMARY, ETC. | |
| Summary, etc. | Superseded by 2006 edition (ISBN 9781904388630). Supersedes 2003 edition (ISBN 1904388159). |
| 520 ## - SUMMARY, ETC. | |
| Summary, etc. | Superseded by 2006 edition (ISBN ). Supersedes 2003 edition (ISBN 1904388159). |
| 650 ## - SUBJECT ADDED ENTRY--TOPICAL TERM | |
| Topical term or geographic name entry element | HOME CONDITION REPORTS |
| 650 ## - SUBJECT ADDED ENTRY--TOPICAL TERM | |
| Topical term or geographic name entry element | HOME INFORMATION PACKS |
| 650 ## - SUBJECT ADDED ENTRY--TOPICAL TERM | |
| Topical term or geographic name entry element | PROPERTY-RESIDENTIAL PROPERTY-ACQUISITION AND DISPOSAL OF RESIDENTIAL PROPERTY |
| 650 ## - SUBJECT ADDED ENTRY--TOPICAL TERM | |
| Topical term or geographic name entry element | PROPERTY-RESIDENTIAL PROPERTY-ACQUISITION AND DISPOSAL OF RESIDENTIAL PROPERTY |
| 650 ## - SUBJECT ADDED ENTRY--TOPICAL TERM | |
| Topical term or geographic name entry element | HOUSING ACT 2004 PART V |
| 690 ## - LOCAL SUBJECT ADDED ENTRY--TOPICAL TERM (OCLC, RLIN) | |
| Topical term or geographic name as entry element | PROPERTY-RESIDENTIAL PROPERTY-RESIDENTIAL PROPERTY MARKET |
| 700 ## - ADDED ENTRY--PERSONAL NAME | |
| Personal name | Land, Howard |
| 700 ## - ADDED ENTRY--PERSONAL NAME | |
| Personal name | Creffield, Paul |
| 700 ## - ADDED ENTRY--PERSONAL NAME | |
| Personal name | Dunsmore-Hardy, Hugh |
| 700 ## - ADDED ENTRY--PERSONAL NAME | |
| Personal name | Woodward, David |
| 710 ## - ADDED ENTRY--CORPORATE NAME | |
| Corporate name or jurisdiction name as entry element | College of Estate Management |
| 9 (RLIN) | 400 |
| 710 ## - ADDED ENTRY--CORPORATE NAME | |
| Corporate name or jurisdiction name as entry element | Royal Institution of Chartered Surveyors |
| 9 (RLIN) | 4900 |
| 710 ## - ADDED ENTRY--CORPORATE NAME | |
| Corporate name or jurisdiction name as entry element | Surveyors and Valuers Accreditation |
| 9 (RLIN) | 4232 |
| 710 ## - ADDED ENTRY--CORPORATE NAME | |
| Corporate name or jurisdiction name as entry element | United Kingdom |
| Subordinate unit | Office of the Deputy Prime Minister |
| 942 ## - ADDED ENTRY ELEMENTS (KOHA) | |
| Suppress in OPAC | 0 |
| Withdrawn status | Lost status | Source of classification or shelving scheme | Damaged status | Not for loan | Home library | Current library | Shelving location | Date acquired | Cost, normal purchase price | Total Checkouts | Full call number | Barcode | Date last seen | Date last checked out | Copy number | Cost, replacement price | Price effective from | Koha item type |
|---|---|---|---|---|---|---|---|---|---|---|---|---|---|---|---|---|---|---|
| Dewey Decimal Classification | London | London | Basement | 03/03/2006 | 36.95 | 3 | ENQUIRY DESK | 30072852 | 06/08/2019 | 27/11/2007 | 5 | 36.95 | 06/08/2019 | Audio |